Warali Painting (Record no. 237322)

MARC details
000 -LEADER
fixed length control field 00338pam a2200145 a 4500
020 ## - INTERNATIONAL STANDARD BOOK NUMBER
Terms of availability
041 ## - LANGUAGE CODE
Language code of original
082 ## - DEWEY DECIMAL CLASSIFICATION NUMBER
Classification number 750
Item number GAR
100 ## - MAIN ENTRY--PERSONAL NAME
Personal name Govind Gare.
245 ## - TITLE STATEMENT
Title Warali Painting
Remainder of title Warali Painting
Medium Textual Documents
250 ## - EDITION STATEMENT
Edition statement 2006.
260 ## - PUBLICATION, DISTRIBUTION, ETC.
Place of publication, distribution, etc. Pune:
Name of publisher, distributor, etc. Srividya Shanivar peth ,pune.
300 ## - PHYSICAL DESCRIPTION
Extent 106:
Other physical details paper.
930 ## - EQUIVALENCE OR CROSS-REFERENCE-UNIFORM TITLE HEADING [LOCAL, CANADA]
Uniform title 3532
Holdings
Withdrawn status Lost status Damaged status Not for loan Collection Home library Current library Date acquired Source of acquisition Cost, normal purchase price Total Checkouts Full call number Barcode Date last seen Copy number Price effective from Koha item type
          College of Fine Arts, Pune College of Fine Arts, Pune 09/04/2007 Bhararti Sahakari Grahak Bhandar 325.00   750 GAR FAP-3532 07/03/2023 1 07/03/2023 Book